000 00966nam a2200277Ia 4500
003 GCL
008 140319s9999 xx 000 0 ara d
020 _a0209203477
040 _aGCL /
_cGCL
082 0 4 _a500.2
_bف ج
100 1 _aمحمد صالح
245 1 0 _aجماليات الكون من صنع الخالق - البارئ - المصور :
_bمج 1 الازهار والصبار \ مج 2 الاشجار والنخيل \ مج 3 الجبال والصخور /
_cمحمد صالح
700 1 _aفاطمة ابو نوارج
260 _aالقاهرة :
_bدار الكتاب الجامعى ،
_c2005
300 _a3 مج ؛
_c24 سم
650 0 4 _aالاشجار
650 0 4 _aالارض
650 0 4 _aالزهور
650 0 4 _aالنخيل
650 0 4 _aالجبال
650 0 4 _aالمناظر الطبيعية
650 0 4 _aالنبات، علم
650 0 4 _aالكون، وصف
650 0 4 _aالصخور، علم
942 _2ddc
_cBK
999 _c8154
_d8154